ბათუმის შოთა რუსთაველის სახელმწიფო უნივერსიტეტის ბიბლიოთეკა

პერსონოლოგიური ძიებანი / (ბიბ.ჩანაწერი № 37825)

000 -ლიდერი
ფიქსირებული სიგრძის საკონტროლო ველი 00826nam a2200205Ia 4500
001 - საკონტროლო ნომერი
საკონტროლო ველი 3802
003 - საკონტროლო ნომრის იდენტიფიკატორი
საკონტროლო ველი GE_BSU
005 - ბოლო ოპერაციის თარიღი და დრო
საკონტროლო ველი 20190814161132.0
008 - ფიქსირებული სიგრძის მონაცემთა ელემენტები - ზოგადი ინფორმაცია
ფიქსირებული სიგრძის საკონტროლო ველი 181216s1979||||ge |||||||||||||| ||geo||
040 ## - კატალოგიზაციის წყარო
Transcribing agency GE_BSU
041 ## - ენის კოდი
Language code of text/sound track or separate title geo
080 ## - უნივერსალური ათობითი კლასიფიკაციის ინდექსი
Universal Decimal Classification number 616.89+159.924+821.353.1.092 ზ–97
100 ## - მთავარი ჩანაწერი - პიროვნების სახელი
Personal name ზურაბაშვილი, ავლიპი
9 (RLIN) 3600
245 ## - ცნობა სათაურის შესახებ
Title პერსონოლოგიური ძიებანი /
Statement of responsibility, etc რედ.ბ. ნანეიშვილი
264 ## - წარმოების, გამოცემის, დისტრიბუციის და სხვა ცნობები
გამოცემის, წარმოების, დისტრიბუციის... ადგილი თბ. :
გამოცემის, წარმოების, დისტრიბუციის... სახელწოდება მეცნიერება,
გამოცემის, წარმოების, დისტრიბუციის... თარიღი 1979.
300 ## - ფიზიკური აღწერა
Extent 236 გვ.;
Other physical details 22 სმ.
653 ## - INDEX TERM--UNCONTROLLED
Uncontrolled term ქართველ მწერალთა ფსიქოლოგიური პორტრეტი
700 ## - ADDED ENTRY--PERSONAL NAME
Personal name ნანეიშვილი, ბ.
Relator term რედაქტორი
9 (RLIN) 3601
942 ## - ADDED ENTRY ELEMENTS (KOHA)
Koha item type წიგნი
Source of classification or shelving scheme
ეგზემპლარები
ჩამოწერის სტატუსი დაკარგული ეგზემპლარის სტატუსი კლასიფიკაციის წყარო ან თაროზე გაწყობის სქემა დაზიანების სტატუსი არ გაიცემა მუდმივი მდებარეობა (დაცვის ადგილი) ამჟამინდელი ადგილსამყოფელი თაროზე განთავსების ადგილი შეძენის თარიღი ღირებულება, შესყიდვის ნორმალური ფასი სრული შენახვის შიფრი შტრიხკოდი ბოლო ოპერაციის თარიღი ეგზემპლარის მიმდევრობითი ნომერი (კეტერი?) ფასის ძალაში შესვლის თარიღი ეგზემპლარის სახეობა საჯარო შენიშვნა
          ბათუმის შოთა რუსთაველის სახელმწიფო უნივერსიტეტის მთავარი ბიბლიოთეკა ბათუმის შოთა რუსთაველის სახელმწიფო უნივერსიტეტის მთავარი ბიბლიოთეკა წიგნსაცავი 2018-12-17 1.20 616.89+159.924+821.353.1.092 ზ–97 5419 2018-12-17 5419 2018-12-17 წიგნი 1ლ. 20 თ.
          ბათუმის შოთა რუსთაველის სახელმწიფო უნივერსიტეტის მთავარი ბიბლიოთეკა ბათუმის შოთა რუსთაველის სახელმწიფო უნივერსიტეტის მთავარი ბიბლიოთეკა წიგნსაცავი 2018-12-17 1.20 616.89+159.924+821.353.1.092 ზ–97 5420 2018-12-17 5420 2018-12-17 წიგნი 1ლ. 20 თ.
          ბათუმის შოთა რუსთაველის სახელმწიფო უნივერსიტეტის მთავარი ბიბლიოთეკა ბათუმის შოთა რუსთაველის სახელმწიფო უნივერსიტეტის მთავარი ბიბლიოთეკა წიგნსაცავი 2018-12-17 2.50 616.89+159.924+821.353.1.092 ზ–97 5421 2018-12-17 5421 2018-12-17 წიგნი 2ლ. 50 თ.